Logo BPK

Biblioteka

Politechniki Koszalińskiej

Macroeconomics / (Rekord nr 32750)

Szczegóły MARC
000 -ETYKIETA REKORDU
podpole kontrolne o stałej długości 00615nam a2200217 i 4500
001 - NUMER KONTROLNY REKORDU
pole kontrolne bg
020 ## - MIĘDZYNARODOWY ZNORMALIZOWANY NUMER KSIĄŻKI - ISBN
ISBN 0395522412
040 ## - ŹRÓDŁO KATALOGOWANIA
Instytucja, która utworzyła rekord BPK
041 0# - KOD JĘZYKA
Kod języka tekstu en
Kod języka streszczenia lub abstraktu en
080 ## - UNIWERSALNA KLASYFIKACJA DZIESIĘTNA - UKD
UKD 330.101.541
920 ## - Międzynarodowy znormalizowany numer książki – ISBN
ISBN 0-395-52241-2
008 - POLE O STAŁEJ DŁUGOŚCI - DANE KONTROLNE
podpole kontrolne o stałej długości s pl f |000 0 pol
100 1# - NAZWA OSOBOWA
Nazwa osobowa GALGRAITH, James K.
245 10 - TYTUŁ/ODPOWIEDZIALNOŚĆ
Tytuł Macroeconomics /
Pozostałe elementy strefy tytułu i oznaczenia odpowiedzialności James K. Galbraith, William Darity.
260 ## - STREFA ADRESU WYDAWNICZEGO
Miejsce wydania Boston [et al.] :
Nazwa wydawcy/dystrybutora Houghton Mifflin,
Data publikacji, dystrybucji/powstania dokumentu cop. 1994.
300 ## - STREFA OPISU FIZYCZNEGO
Objętość XXI, 505 s. :
Inne cechy fizyczne 2 portr., wykr. ;
Rozmiary 24 cm.
504 ## - UWAGA DOTYCZĄCA BIBLIOGRAFII
Informacje o bibliografii Bibliogr., summ. przy rozdz. - Indeks.
650 #9 - HASŁO PRZEDMIOTOWE W FORMIE NAZWY OGÓLNEJ LUB JEDNOSTKOWEJ
Nazwa ogólna lub geograficzna Makroekonomia
700 1# - HASŁO DODATKOWE - NAZWA OSOBOWA
Nazwa osobowa DARITY, William
856 ## - LOKALIZACJA I DOSTĘP DO ELEKTRONICZNYCH DOKUMENTÓW ZDALNYCH
Link (URL) http://koha.tu.koszalin.pl/cgi-bin/koha/opac-detail.pl?biblionumber=32750
Tekst linku Katalog online BPK
942 ## - DODATKOWE ELEMENTY (KOHA)
Typ dokumentu Książka
Egzemplarze
Wycofany Status egzemplarza Uszkodzony Dostępność Lokalizacja stała Lokalizacja bieżąca Miejsce przechowywania Sygnatura Kod kreskowy Typ dokumentu
      Tylko na miejscu Biblioteka Politechniki Koszalińskiej Biblioteka Politechniki Koszalińskiej Czytelnia Wydziałowa ul. Kwiatkowskiego 6e 42170 01290783 Książka
© 2023 Biblioteka Politechniki Koszalińskiej :: KOHA